| 000 | 00527nam a22001697a 4500 | ||
|---|---|---|---|
| 003 | BD-ChCU | ||
| 005 | 20260510095128.0 | ||
| 008 | 260510b bg ||||| |||| 00| 0 ben d | ||
| 020 | _a9783319609034 | ||
| 040 | _cBD-ChCU | ||
| 082 | _a320.60954 I36 | ||
| 245 |
_aInclusive governance in South Asia : _bParliament, judiciary and civil service/ _cedited by Nizam Ahmed |
||
| 260 |
_aPalgrave Macmillan, _bCham, Switzerland : _c2018 |
||
| 300 | _a287p. | ||
| 650 | 0 |
_aPolitical activity South Asia _922644 |
|
| 942 |
_2ddc _cBK _n0 |
||
| 999 |
_c112805 _d112805 |
||